Cómo escribir sin faltas de ortografía

שמור ב:
מידע ביבליוגרפי
מחבר ראשי: Alvarez del Real, María Eloísa (Author)
פורמט: ספר
שפה:ספרדית
יצא לאור: Ciudad de Panamá América 1989
נושאים:
תגים: הוספת תג
אין תגיות, היה/י הראשונ/ה לתייג את הרשומה!

MARC

LEADER 00000nam a2200000 a 4500
001 UCH5544
003 CL-VaPUC
008 091014e19890000PN |||||||||||||||||spa|d
020 |a 0944499252 
082 0 4 |a 465  |b ALV  |2 21 
100 0 |a Alvarez del Real, María Eloísa  |e author  |9 541841 
245 1 0 |a Cómo escribir sin faltas de ortografía 
300 |a 256 p 
942 |c BK 
945 |d 20091014 00:00:00  |a ccalabra 
260 |a Ciudad de Panamá  |b América  |c 1989 
650 0 |a Gramática  |9 270497 
650 0 |a Gramática española  |9 403055 
650 0 |a Lingüística  |9 265068 
650 0 |a Ortografía  |9 309144 
650 0 |a Expresión escrita  |9 334816 
650 0 |a Educación  |9 258661 
583 |a last modification  |c 20091014 00:00:00  |k Rodrigo Vera 
999 |c 336670  |d 336668